MDQL
is popping MORE tags! Check the
thread
!
Quizzes
Events
Quiz Creation
Community
Videos
Private Events
Remove Ads
Sign In
Join for FREE
Feedback
Dark Mode
Quiz Categories
Sports
Geography
Music
Movies
Television
Just For Fun
Miscellaneous
History
Literature
Language
Science
Gaming
Entertainment
Religion
Holiday
For Kids
Quiz Lab
Recent
Popular Today
Quiz Kudos Today
Editor Picks
Curator Picks
Quizzes by...
Day
Popularity
Type
Ratings
Length
Year
Community
Subscriptions
Recent Discussions
Orange Saloon
Badges
Playlists
Quests
Create
Leaderboards
Showdown
Live 5
Trivia Bingo
Activity
Puzzle Library
Sporcle Events
Private Events
Virtual Trivia
Globe League
Become a Host
Pub Owners
SporcleCon
Opinionation
Our Games
Videos
Blog
Mobile Apps
Partnerships
Remove Ads and Go Orange
Feedback
Movies
Disney
Marvel Cinematic Universe
Movie Resume
Movie Titles
Oscar
Actor
Actress
Director
Pixar
Role
Movie Quotes
Movie Characters
Box Office
Nominee
Best Picture
Star Wars
James Bond
Horror Movies
Movies
Disney
Marvel Cinematic Universe
Movie Resume
Movie Titles
Oscar
Actor
Actress
Director
Pixar
Role
Movie Quotes
Movie Characters
Box Office
Nominee
Best Picture
Star Wars
James Bond
Horror Movies
Random Quiz
Search Sporcle
×
Quiz Lab
Quiz Lab
Movies
Cover
Type in answers that appear in a list
Type in answers that appear in a list
Classic
Best Score? Go Orange.
Films by Their DVD Cover IV Stats
Can you name the Films by Their DVD Cover IV?
By
hens162
5m
24 Questions
219 Plays
219 Plays
219 Plays
Comments
Comments
Give Quiz Kudos
Give Quiz Kudos
-
- Ratings
hide this ad
Replay
Link that replays current quiz
Next Quiz
Link to next quiz in quiz playlist
You Got
0%
They Got
Avg Score
48%
Avg Friend Score
Upgrade to see
Score Distribution
Jump to the score distribution portion of the page
Score
0/24
Timer
05:00
0
Plays Today
Number
DVD Cover
% Correct
5.
Forrest Gump
93.2%
13.
Zombieland
78.1%
6.
Fantastic Mr Fox
76.7%
12.
12 Years a Slave
76.3%
15.
The Last Samurai
72.1%
11.
Big Fish
59.8%
1.
Pearl Harbour
58.9%
3.
Johnny English
58.9%
2.
Moulin Rouge
58%
18.
The Italian Job
54.8%
16.
The Internship
54.3%
23.
Rear Window
51.1%
Number
DVD Cover
% Correct
14.
Whiplash
49.8%
9.
Cloud Atlas
48.4%
22.
Spirited Away
46.1%
7.
Flushed Away
45.2%
19.
Tinker Tailor Soldier Spy
39.3%
10.
Defiance
34.7%
20.
The Conjuring
27.4%
8.
Ender's Game
26%
21.
Requiem For a Dream
21.5%
17.
The Constant Gardener
19.2%
24.
Ran
11.4%
4.
How The West Was Won
5%
Quiz Playlist
Details
Report
Send in Message
Add To Playlist
Classic:
Type in answers that appear in a list
Last Updated: Feb 16, 2017
Quiz Scoreboard
CHALLENGE
Sign Up to Join the Scoreboard
Show All
Scores
Hide
Comments
May contain spoilers
Recently Published
Street Fighter Characters
by Artimus82
Gaming
60s
9x9 Crossword: Cartoon Network
by jackfrog10
Miscellaneous
3m
College Basketball Coaching Resumes
by pancakes188
Sports
9m
More to Explore
Quiz From the Vault
Featured Blog Post
Where Did the Easter Bunny Come From?
hide this ad
You Might Also Like...
Tags
Cover
Covered
Covering
Illustrated Covers
Zombie Movie
Today's Top Quizzes in Movies
Browse Movies
hide this ad
Today's Top Quizzes in Cover
Browse Cover
Top Contributed Quizzes in Movies
1
Pick 5 Posters: Directed by Spielberg
2
7-to-1: Pixar Characters
3
Hidden Star Wars Character II
4
Pick 5 Posters: Lowest-Rated Spielberg
5
Sorting Actors
6
Sorting Actresses
7
Hidden Star Wars Character III
8
Pick 5 Posters: Directed by Scorsese
9
Hidden Star Wars Character IV
10
Pick 5 Posters: Star & Director
Explore More
Trending Topics
Harry Potter
NBA
Kpop
Disney
Marvel
Anime
Crossword
Country
WWE
Puzzle
Pokémon
Song
Soccer
NFL
The Office
hide this ad
More By:
hens162
Quiz
Plays
Rating
Category
Featured
Created
Films by Their DVD Cover III
379
4.17
Movies
Mar 24, 2015
Films by Their DVD Cover II
487
4.53
Movies
Mar 24, 2015
Films by Their DVD Cover
471
4.20
Movies
Mar 23, 2015
Films by Their DVD Cover III
379
4.17
Movies
Mar 24, 2015
Films by Their DVD Cover IV
219
4.50
Movies
Mar 25, 2015
Films by Their DVD Cover V
207
4.14
Movies
Mar 26, 2015
Go to Creator's Profile
Score Distribution
Quiz Creator Spotlight
hens162
Follow
Send a Message
Quizzes Created
-
Created Quiz Play Count
-
More By This Creator
Popular Quizzes Today
1
Find the US States - No Outlines Minefield
2
Find the Countries of Europe - No Outlines Minefield
3
The Countries of the World
4
Find the US States
5
Risky Map Clicking: Biggest States A-Z
6
US States
7
Popular People in 1961
8
Movies - When Are They Set?
More Movies Quizzes
Star Wars Smugglers' Exam
Published
Trending Quizzes
Risky Map Clicking: Least Populous States A-Z
Countries of the World: 200 Million BC
1-10 Letter G Words
Risky Map Clicking: Next State Alphabetically
Adjectives in 80s TV Shows
Recently Updated
Leaping Animals
pecheneg
Reality TV Shows (A-Z)
bhenderson79
Rickey Henderson's Hall of Fame Teammates
pecheneg
Champions League XIs: Arsenal
pecheneg
Quick Pick: Celebrities in WWE's Hall of Fame
aduchscher
A-Z Keypad Blitz II
pecheneg
Multiple Oscar Actors
pecheneg
Mystery Phrase Blitz: Oscar 'Best Actors'
pecheneg
F. Scott Fitzgerald Novels
LTH
Pick 3 Villains
ddd62291
Trending Topics
Crossword
NBA
Kpop
Disney
Anime
Harry Potter
Marvel
The Office
Soccer
Song
Country
NFL
Puzzle
WWE
Pokémon
Your Account Isn't Verified!
In order to create a playlist on Sporcle, you need to verify the email address you used during registration. Go to your
Sporcle Settings
to finish the process.
Report this User
Report this user for behavior that violates our
Community Guidelines
.
Details:
Send Report
Go to the Sporcle.com Mobile Site →
Comments